<?xml version="1.0" encoding="UTF-8"?><?xml-stylesheet type="text/xsl" href="static/style.xsl"?><OAI-PMH xmlns="http://www.openarchives.org/OAI/2.0/" xmlns:xsi="http://www.w3.org/2001/XMLSchema-instance" xsi:schemaLocation="http://www.openarchives.org/OAI/2.0/ http://www.openarchives.org/OAI/2.0/OAI-PMH.xsd"><responseDate>2026-04-27T19:54:22Z</responseDate><request verb="GetRecord" identifier="oai:uvadoc.uva.es:10324/8905" metadataPrefix="marc">https://uvadoc.uva.es/oai/request</request><GetRecord><record><header><identifier>oai:uvadoc.uva.es:10324/8905</identifier><datestamp>2021-06-30T09:13:00Z</datestamp><setSpec>com_10324_5201</setSpec><setSpec>com_10324_5186</setSpec><setSpec>com_10324_29291</setSpec><setSpec>col_10324_5397</setSpec></header><metadata><record xmlns="http://www.loc.gov/MARC21/slim" xmlns:doc="http://www.lyncode.com/xoai" xmlns:xsi="http://www.w3.org/2001/XMLSchema-instance" xmlns:dcterms="http://purl.org/dc/terms/" xsi:schemaLocation="http://www.loc.gov/MARC21/slim http://www.loc.gov/standards/marcxml/schema/MARC21slim.xsd">
<leader>00925njm 22002777a 4500</leader>
<datafield tag="042" ind1=" " ind2=" ">
<subfield code="a">dc</subfield>
</datafield>
<datafield tag="720" ind1=" " ind2=" ">
<subfield code="a">Martos García, Alberto</subfield>
<subfield code="e">author</subfield>
</datafield>
<datafield tag="260" ind1=" " ind2=" ">
<subfield code="c">2008</subfield>
</datafield>
<datafield tag="520" ind1=" " ind2=" ">
<subfield code="a">El artículo explica que los organizadores gráficos y otros recursos icónicos no son sólo herramientas didácticas para elaboración de resúmenes sino que pueden ser aplicados como apoyo para las fichas de lectura en la enseñanza obligatoria, para presentar, ambientar, estructurar y orientar el análisis/crítica de las lecturas. Se examinan tipologías de gráficos y se realizan estudios de casos particulares. Para finalizar, se proponen pautas de utilización de estos iconos en las fichas de lectura en relación a tres secuencias básicas: presentación de la información - comprensión - análisis/crítica</subfield>
</datafield>
<datafield tag="520" ind1=" " ind2=" ">
<subfield code="a">The article explains that the graphical organizers and other iconic resources are not only didactic tools for production of summaries but they can be applied as support for the cards of reading in the obligatory education, to present, ambientar, to construct and to orientate the analysis of the reading. They are examined typologies of graphs and there are realized studies of particular cases. To finish, there propose guidelines of utilization of these icons in the cards of reading in relation to three basic sequences: presentation of the information - comprehension - analysis</subfield>
</datafield>
<datafield tag="024" ind2=" " ind1="8">
<subfield code="a">Tabanque: Revista pedagógica, 2008, N.21, pags.63-73</subfield>
</datafield>
<datafield tag="024" ind2=" " ind1="8">
<subfield code="a">0214-7742</subfield>
</datafield>
<datafield tag="024" ind2=" " ind1="8">
<subfield code="a">http://uvadoc.uva.es/handle/10324/8905</subfield>
</datafield>
<datafield tag="024" ind2=" " ind1="8">
<subfield code="a">63</subfield>
</datafield>
<datafield tag="024" ind2=" " ind1="8">
<subfield code="a">21</subfield>
</datafield>
<datafield tag="024" ind2=" " ind1="8">
<subfield code="a">73</subfield>
</datafield>
<datafield tag="024" ind2=" " ind1="8">
<subfield code="a">Tabanque: Revista pedagógica</subfield>
</datafield>
<datafield ind1=" " ind2=" " tag="653">
<subfield code="a">Pedagogía</subfield>
</datafield>
<datafield ind1=" " ind2=" " tag="653">
<subfield code="a">Lectura -- Comprensión</subfield>
</datafield>
<datafield tag="245" ind1="0" ind2="0">
<subfield code="a">Las fichas de lectura y sus recursos gráficos</subfield>
</datafield>
</record></metadata></record></GetRecord></OAI-PMH>